Vplyv finančno-hospodárskej krízy na medzinárodnú marketingovú stratégiu firiem
Salvato in:
| Autore principale: | |
|---|---|
| Altri autori: | , , |
| Natura: | Libro |
| Lingua: | slovacco |
| Pubblicazione: |
Bratislava
Sprint 2
2012
|
| Edizione: | 1. vyd. |
| Serie: | Economics
|
| Soggetti: | |
| Tags: |
Nessun Tag, puoi essere il primo ad aggiungerne!!
|
MARC
| LEADER | 00000nam a2200000 4500 | ||
|---|---|---|---|
| 001 | 0168403 | ||
| 005 | 20240502072931.6 | ||
| 020 | |a 978-80-89393-91-6 | ||
| 041 | 0 | |a slo | |
| 044 | |a SK | ||
| 245 | 1 | 0 | |a Vplyv finančno-hospodárskej krízy na medzinárodnú marketingovú stratégiu firiem |c Otília Zorkóciová - Barbora Brynkusová ; recenzovali: Víťazoslav Balhar, Peter Knapik |
| 250 | |a 1. vyd. | ||
| 264 | 1 | |a Bratislava |b Sprint 2 |c 2012 | |
| 300 | |a 163 s. [6,28 AH] | ||
| 490 | 1 | |a Economics | |
| 830 | 0 | |a Economics | |
| 610 | 2 | 0 | |a stratégia marketingová |
| 610 | 2 | 0 | |a marketing medzinárodný |
| 610 | 2 | 0 | |a kríza hospodárska |
| 610 | 2 | 0 | |a kríza finančná |
| 610 | 2 | 0 | |a cykly hospodárske |
| 610 | 2 | 0 | |a recesia |
| 610 | 2 | 0 | |a marketing mix |
| 610 | 2 | 0 | |a produkty |
| 610 | 2 | 0 | |a politika cenová |
| 610 | 2 | 0 | |a stratégia distribučná |
| 610 | 2 | 0 | |a komunikácia |
| 610 | 2 | 0 | |a spotrebitelia |
| 100 | 1 | |a Zorkóciová, Otília, 1954- | |
| 700 | 1 | |a Brynkusová, Barbora | |
| 700 | 1 | |a Balhar, Víťazoslav | |
| 700 | 1 | |a Knapik, Peter | |